000 00378nam a22001217a 4500
082 _a220 PRO
100 _aBEHROZ,IKRAM UL HAQ,MUJTABA
_972192
245 _aPR-SOF-1137-DESIGN, ANALYSIS AND FABRICATION OF A FLAPPING WING MICRO AERO VEHICLE (MAV)
260 _aISLAMABAD
_bNUST COLLEGE OF EME
_c2011
650 _a DE-MECH-29
700 _aSAIF ULLAH KHALID
_972193
942 _cCR
999 _c578339
_d578339